[Event "Madrid-ch sf"]
[Site "Madrid"]
[Date "2021.05.09"]
[Round "5"]
[White "Tapia Sanchez, Jose Manuel"]
[Black "Del Castillo Izquierdo, Jose"]
[Result "1/2-1/2"]
[WhiteElo "1750"]
[BlackElo "1728"]
[PlyCount "105"]
[EventDate "2021.05.05"]
[EventType "swiss"]
[EventRounds "9"]
[EventCountry "ESP"]
[SourceTitle "EXT 2022"]
[Source "ChessBase"]
[SourceDate "2021.10.06"]
[SourceVersion "1"]
[SourceVersionDate "2021.10.06"]
[SourceQuality "1"]

1. f4 d5 2. Nf3 c5 3. e3 Nc6 4. b3 Nf6 5. Bb2 d4 6. exd4 Nxd4 7. Nxd4 cxd4 8. Be2 Qb6 9. Na3 Bf5 10. Nc4 Qc5 11. Ba3 Qc6 12. 0-0 g6 13. Ne5 Qb6 14. Kh1 Bg7 15. Bf3 h5 16. Re1 Be6 17. Nc4 Qc7 18. Ne5 Rh6 19. Qe2 Kf8 20. Rac1 Re8 21. c3 dxc3 22. dxc3 Ng4 23. Nd3 g5 24. h3 gxf4 25. hxg4 hxg4+ 26. Kg1 gxf3 27. Qxf3 Qa5 28. Bb4 Qxa2 29. Nxf4 Bxb3 30. Qxb7 Be6 31. Ra1 Qd2 32. Nxe6+ fxe6 33. Rad1 Qg5 34. Qxa7 Kg8 35. Rd3 Bf6 36. Qd7 Rf8 37. Qxe6+ Kh7 38. Qe4+ Rg6 39. Rh3+ Kg8 40. Re2 Qc1+ 41. Kh2 Qg5 42. Qxg6+ Qxg6 43. Rg3 Qxg3+ 44. Kxg3 Kf7 45. Kf4 Rd8 46. g4 Rd3 47. g5 Bxc3 48. Rxe7+ Kg8 49. Rb7 Rd4+ 50. Kf5 Bxb4 51. g6 Bf8 52. Rb8 Rd6 53. Kg5 1/2-1/2

[Event "Madrid-ch Previa-A"]
[Site "Madrid"]
[Date "2021.02.22"]
[Round "7"]
[White "Torres Rebolledo, Victor"]
[Black "Tapia Sanchez, Jose Manuel"]
[Result "1/2-1/2"]
[WhiteElo "1818"]
[BlackElo "1738"]
[PlyCount "148"]
[EventDate "2021.02.08"]
[EventType "swiss"]
[EventRounds "9"]
[EventCountry "ESP"]
[SourceTitle "EXT 2022"]
[Source "ChessBase"]
[SourceDate "2021.10.06"]
[SourceVersion "1"]
[SourceVersionDate "2021.10.06"]
[SourceQuality "1"]

1. c4 Nf6 2. Nc3 c5 3. g3 Nc6 4. Bg2 e6 5. d3 d5 6. cxd5 exd5 7. Bg5 d4 8. Bxf6 gxf6 9. Ne4 f5 10. Nd2 Be7 11. Nh3 h5 12. Rc1 Bd7 13. a3 Qb8 14. Nf4 Bg5 15. Nd5 b6 16. f4 Be7 17. b4 Qd8 18. Qb3 Rc8 19. 0-0 Be6 20. b5 Na5 21. Qa2 Kf8 22. Rce1 Rc7 23. e4 dxe3 24. Rxe3 Rd7 25. Qb2 Rh6 26. Nxe7 Rxe7 27. Nf3 c4 28. d4 Bd5 29. Rfe1 Rhe6 30. Rxe6 fxe6 31. Ne5 Rh7 32. Qb4+ Kg8 33. Bf1 Be4 34. Qc3 h4 35. Re3 Qd5 36. Bxc4 Nxc4 37. Qxc4 Qxc4 38. Nxc4 Rd7 39. Nd2 Bc2 40. Nf3 hxg3 41. hxg3 Be4 42. Kf2 Rc7 43. Ng5 Rc2+ 44. Re2 Rxe2+ 45. Kxe2 Bd5 46. Kd3 Kf8 47. Kc3 Ke7 48. Nh3 Bg2 49. Nf2 Bf1 50. a4 Kd6 51. Nd1 Be2 52. Ne3 Bf3 53. Kd3 Be4+ 54. Kc3 Bf3 55. Kb4 Be2 56. Kc3 Bf3 57. Kd2 Bh5 58. Kd3 Bf3 59. Nc4+ Kd5 60. Ne3+ Kd6 61. Nc4+ Kd5 62. Ne3+ Kd6 63. Kc3 Be2 64. Kb4 Bf3 65. a5 Be2 66. Ka4 Bd3 67. Kb4 Be2 68. a6 Bd3 69. Nc4+ Kc7 70. Ne5 Be4 71. Nc4 Bf3 72. Ne5 Be4 73. Nc4 Bf3 74. Ne5 Be4 1/2-1/2

[Event "Madrid-ch Previa-A"]
[Site "Madrid"]
[Date "2018.02.14"]
[Round "6"]
[White "Tapia Sanchez, Jose Manuel"]
[Black "Ojosnegros Martin, Angel"]
[Result "1/2-1/2"]
[WhiteElo "1687"]
[BlackElo "1490"]
[PlyCount "158"]
[EventDate "2018.02.05"]
[EventType "swiss"]
[EventRounds "9"]
[EventCountry "ESP"]
[SourceTitle "EXT 2020"]
[Source "ChessBase"]
[SourceDate "2019.10.17"]
[SourceVersion "1"]
[SourceVersionDate "2019.10.17"]
[SourceQuality "1"]

1. d4 Nf6 2. e3 e6 3. Bd3 Be7 4. Nd2 b6 5. f4 Bb7 6. Ngf3 d5 7. b3 Nbd7 8. 0-0 Bd6 9. Ne5 a6 10. Qf3 Qe7 11. a3 0-0-0 12. Qe2 Nb8 13. b4 Ne4 14. Bxe4 dxe4 15. Nb3 Nd7 16. b5 axb5 17. Qxb5 Nb8 18. Rd1 Ba6 19. Qa4 Bb7 20. Nd2 f6 21. Nec4 e5 22. Nxd6+ Rxd6 23. fxe5 fxe5 24. Nc4 Rf6 25. Nxe5 Rd8 26. Bd2 Nc6 27. Bb4 Qe8 28. Qb5 Nxd4 29. Qxe8 Ne2+ 30. Kh1 Rxe8 31. Ng4 Rc6 32. Rd2 Nc3 33. Rf1 h5 34. Ne5 Rf6 35. Rxf6 gxf6 36. Ng6 Nd5 37. Re2 Ba6 38. Re1 c5 39. Bd2 Rd8 40. Bc1 Nc3 41. Bb2 Nd5 42. g3 f5 43. Kg1 c4 44. Bd4 b5 45. Rf1 f4 46. Nxf4 Nxf4 47. Rxf4 Bb7 48. c3 Kc7 49. Rf6 Bc6 50. Rf5 Rd5 51. Rf4 Be8 52. Rxe4 Bg6 53. Re5 Kd6 54. Rxd5+ Kxd5 55. Kg2 Ke4 56. Kh3 Kf3 57. Kh4 Kg2 58. h3 Be8 59. g4 hxg4 60. hxg4 Kf3 61. g5 Ke4 62. Kg4 Bg6 63. Kh4 Kf3 64. Bc5 Ke4 65. Kg4 Bf7 66. Bb4 Bg6 67. Bc5 Bf7 68. g6 Bxg6 69. Kg5 Bf7 70. Kf6 Bd5 71. Ke7 Bc6 72. Bb6 Kd5 73. Ba7 Bb7 74. Kd7 Bc6+ 75. Kc7 Be8 76. Kb6 Ke4 77. Ka5 Bd7 78. Bc5 Be8 79. Ka6 Bc6 1/2-1/2